000 00399nam a22001577a 4500
999 _c258769
_d258768
003 OSt
005 20200703143128.0
008 200703b xxu||||| |||| 00| 0 eng d
020 _a0536269726
040 _cn/a
050 _aQA39.3
_b.A38 2007
245 _aBasic mathematics through applications
260 _aUSA
_bPearson Custom Publishing
_c2007
300 _axvi;573p
_bill.
942 _2lcc
_cBK